The cyber effect : (Record no. 590426)

000 -LEADER
fixed length control field 01944cam a2200397 i 4500
001 - CONTROL NUMBER
control field 18990342
003 - CONTROL NUMBER IDENTIFIER
control field NUST
005 - DATE AND TIME OF LATEST TRANSACTION
control field 20220721085614.0
008 - FIXED-LENGTH DATA ELEMENTS--GENERAL INFORMATION
fixed length control field 160225s2016 nyu 001 0 eng
010 ## - LIBRARY OF CONGRESS CONTROL NUMBER
LC control number 2016007455
020 ## - INTERNATIONAL STANDARD BOOK NUMBER
International Standard Book Number 9780812997859 (hardback)
020 ## - INTERNATIONAL STANDARD BOOK NUMBER
Canceled/invalid ISBN 9780812997866 (ebook)
040 ## - CATALOGING SOURCE
Original cataloging agency DLC
Language of cataloging eng
Transcribing agency DLC
Description conventions rda
Modifying agency DLC
042 ## - AUTHENTICATION CODE
Authentication code pcc
050 00 - LIBRARY OF CONGRESS CALL NUMBER
Classification number BF199
Item number .A37 2016
082 00 - DEWEY DECIMAL CLASSIFICATION NUMBER
Classification number 155.9, AIK
Edition number 23
084 ## - OTHER CLASSIFICATION NUMBER
Classification number PSY031000
-- PSY045010
-- TEC052000
Number source bisacsh
100 1# - MAIN ENTRY--PERSONAL NAME
Personal name Aiken, Mary,
Relator term author.
9 (RLIN) 94204
245 14 - TITLE STATEMENT
Title The cyber effect :
Remainder of title a pioneering cyber-psychologist explains how human behavior changes online /
Statement of responsibility, etc. Mary Aiken, PhD
264 #1 - PRODUCTION, PUBLICATION, DISTRIBUTION, MANUFACTURE, AND COPYRIGHT NOTICE
Place of production, publication, distribution, manufacture New York :
Name of producer, publisher, distributor, manufacturer Spiegel & Grau,
Date of production, publication, distribution, manufacture, or copyright notice [2016]
300 ## - PHYSICAL DESCRIPTION
Extent 387 pages ;
Dimensions 25 cm
336 ## - CONTENT TYPE
Content type term text
Content type code txt
Source rdacontent
337 ## - MEDIA TYPE
Media type term unmediated
Media type code n
Source rdamedia
338 ## - CARRIER TYPE
Carrier type term volume
Carrier type code nc
Source rdacarrier
505 ## - FORMATTED CONTENTS NOTE
Formatted contents note Prologue: When Humans and Technology Collide (Page-3), Chapter 1: The Normalization of a Fetish (Page-21), Chapter 2: Designed to Addict (Page-46), Chapter 3: Cyber Babies (Page-88), Chapter 4: Frankenstein and the Little Girl (Page-119),<br/>Chapter 5: Teenagers, Monkeys, and Mirrors (Page-165), Chapter 6: Cyber Romance (Page-206), Chapter 7: Cyberchondria and the Worried Well (Page-232), Chapter 8: What Lies Beneath: The Deep Web (Page-261), Chapter 9: The Cyber Frontier (Page-298).
650 #0 - SUBJECT ADDED ENTRY--TOPICAL TERM
Topical term or geographic name entry element Human behavior.
9 (RLIN) 94205
650 #0 - SUBJECT ADDED ENTRY--TOPICAL TERM
Topical term or geographic name entry element Internet users
General subdivision Psychology.
9 (RLIN) 94206
650 #0 - SUBJECT ADDED ENTRY--TOPICAL TERM
Topical term or geographic name entry element Interpersonal relations
General subdivision Psychological aspects.
9 (RLIN) 94207
650 #0 - SUBJECT ADDED ENTRY--TOPICAL TERM
Topical term or geographic name entry element Social psychology.
650 #7 - SUBJECT ADDED ENTRY--TOPICAL TERM
Topical term or geographic name entry element PSYCHOLOGY / Social Psychology.
Source of heading or term bisacsh
9 (RLIN) 94208
650 #7 - SUBJECT ADDED ENTRY--TOPICAL TERM
Topical term or geographic name entry element PSYCHOLOGY / Movements / Behaviorism.
Source of heading or term bisacsh
9 (RLIN) 94209
650 #7 - SUBJECT ADDED ENTRY--TOPICAL TERM
Topical term or geographic name entry element TECHNOLOGY & ENGINEERING / Social Aspects.
Source of heading or term bisacsh
9 (RLIN) 88935
906 ## - LOCAL DATA ELEMENT F, LDF (RLIN)
a 7
b cbc
c orignew
d 1
e ecip
f 20
g y-gencatlg
942 ## - ADDED ENTRY ELEMENTS (KOHA)
Source of classification or shelving scheme
Koha item type Book
Holdings
Withdrawn status Lost status Source of classification or shelving scheme Damaged status Not for loan Permanent Location Current Location Shelving location Date acquired Total Checkouts Full call number Barcode Date last seen Date last checked out Price effective from Koha item type Public note
          Military College of Signals (MCS) Military College of Signals (MCS) Reference 07/21/2022 2 155.9, AIK MCS38628 07/09/2025 06/27/2025 07/21/2022 Reference Almirah Fresh No.44, Shelf No.3
© 2023 Central Library, National University of Sciences and Technology. All Rights Reserved.